000 00550nam a2200157 i 4500
001 74219
003 ES-MaACL
005 20230906172045.0
007 t|
008 040916s1972 sp ||||1| spa d
100 1 _aGonzález Echegaray, Rafael.
_958610
245 1 0 _aPor más valer
_b: 1er Centenario de la Junta del Puerto de Santander 1872-1972 /
_cRafael González Echegaray.
260 _aSantander :
_bCámara Oficial de Comercio, Industria y Navegación,
_c1972.
300 _a208 p., 31 lám. ;
_c24 cm.
852 _aES-MaACL
_jC-43490
_bR.81439
999 _c74219
_d74219